U.S. Cities with the Most Skyscrapers - Statistics

General Stats
  • This quiz has been taken 95,278 times
    24,593 since last reset
  • The average score is 13 of 18
Answer Stats
# City % Correct
319 New York City
100%
30 Los Angeles
97%
138 Chicago
96%
64 Miami
92%
26 San Francisco
89%
20 Dallas
88%
41 Houston
87%
25 Boston
85%
22 Seattle
83%
17 Philadelphia
78%
17 Atlanta
69%
8 Detroit
68%
11 Austin
62%
8 Denver
61%
16 Las Vegas
59%
11 Minneapolis
48%
10 Pittsburgh
41%
8 Charlotte
40%
No matching quizzes found
Score Distribution
Percent of People with Each Score
Percentile by Number Answered
Your Score History
You have not taken this quiz since the last reset